000 02048nam0a2200421 4500
001 RU\NLR\BIBL_A\022715901
005 20260412094942.0
010 _a978-5-9524-6455-1
035 _a(NLR Aleph) 022715901
090 _a13653614
_c13653614
100 _a20260203d2025 k y0rusy50 ca
101 1 _arus
_ceng
102 _aRU
105 _aab z 000zy
181 0 _ai3
_baxxe
182 0 _an
200 1 _aРасы и народы
_dRaces and people
_eген, мутация и эволюция человека
_fАйзек Азимов, Уильям Бойд
_gпер. с англ. А.Н. Зотина
_zeng
203 _aТекст
_bвизуальный
_cнепосредственный
210 _aМосква
_cЦентрполиграф
_d[2025]
215 _a205, [1] с.
_cил., карт.
_d18
225 1 _aНаучно-популярная библиотека
300 _aАвт. также на англ. яз.: Isaac Asimov, William C. Boyd
300 _aНа обл. и авантит. указан только 1-й авт.
300 _aГод изд. дан по штампу Книжной палаты
333 _a16+
510 1 _6z01790
_aRaces and people
_zeng
606 1 _aРасы
_jПопулярные издания
_xГенетические исследования
_91500168
_3RU\NLR\AUTH\66952221
606 1 _aЧеловек
_jПопулярные издания
_xГенетика популяций
_91743340
_3RU\NLR\AUTH\66780311
686 1 _aЕ78в65я9
686 1 _aЕ747я9
700 1 _7ca
_8rus
_aАзимов
_bА.
_f1920-1992
_gАйзек
_9113441
_3RU\NLR\AUTH\773445
701 1 _aБойд
_bУ. К.
_f1903-
_gУильям Клаузер
790 1 _7ba
_8eng
_aAsimov
_bI.
_f1920-1992
_gIsaac
_93087
_3RU\NLR\AUTH\7720019
790 1 _6z01
_6z01510
_aBoyd
_bW. C.
_f1903-
_gWilliam Clouser
942 _cBOOK
980 _aNB